[Event "World ol U16"]
[Site "Eindhoven"]
[Date "2023.08.15"]
[Round "4.26"]
[White "Samuel Bisnath, Kael"]
[Black "Su, Ethan"]
[Result "1-0"]
[WhiteElo "1509"]
[BlackElo "1778"]
[PlyCount "107"]
[EventDate "2023.08.13"]
[EventType "team-swiss"]
[EventRounds "9"]
[EventCountry "NED"]
[SourceTitle "CBM 215 Extra"]
[Source "ChessBase"]
[SourceDate "2023.09.30"]
[SourceVersion "1"]
[SourceVersionDate "2023.09.30"]
[SourceQuality "1"]
[WhiteTeam "Trinidad and Tobago"]
[BlackTeam "Canada III"]
[WhiteTeamCountry "TRI"]
[BlackTeamCountry "CAN"]

1. e4 c5 2. Nf3 d6 3. d4 cxd4 4. Nxd4 Nf6 5. Nc3 a6 6. a4 e5 7. Nb3 Be6 8. Be2 Be7 9. Be3 0-0 10. 0-0 Nc6 11. Kh1 Nb4 12. f4 d5 13. fxe5 Nxe4 14. Nxe4 dxe4 15. Nd4 Qd5 16. c3 Nc6 17. Nf5 Rfd8 18. Qe1 Bxf5 19. Rxf5 g6 20. Qg3 Kh8 21. Rf2 Nxe5 22. Bd4 f6 23. Raf1 Rf8 24. Rf4 Rf7 25. Rh4 g5 26. Rh6 Raf8 27. Bh5 Rg7 28. Be2 Nf7 29. Rhxf6 Bxf6 30. Bxf6 Kg8 31. Bxg7 Kxg7 32. Qf2 Qd6 33. Qe3 Qg6 34. Bc4 Ne5 35. Rxf8 Kxf8 36. Qc5+ Kg7 37. Qxe5+ Kh6 38. h3 e3 39. Qxe3 Qb1+ 40. Kh2 Qxb2 41. h4 Kg7 42. Qxg5+ Kf8 43. Qf6+ Ke8 44. Be6 Qd2 45. Bc4 Qc2 46. Qe6+ Kd8 47. Qd6+ Ke8 48. Qb8+ Ke7 49. Qxb7+ Kd6 50. Qxa6+ Ke5 51. Qe6+ Kf4 52. Qf6+ Ke4 53. Qd4+ Kf5 54. Bd3+ 1-0

[Event "World ol U16"]
[Site "Eindhoven"]
[Date "2023.08.13"]
[Round "1.22"]
[White "Gkavardinas, Antonios"]
[Black "Samuel Bisnath, Kael"]
[Result "1-0"]
[WhiteElo "2162"]
[BlackElo "1509"]
[PlyCount "67"]
[EventDate "2023.08.13"]
[EventType "team-swiss"]
[EventRounds "9"]
[EventCountry "NED"]
[SourceTitle "CBM 215 Extra"]
[Source "ChessBase"]
[SourceDate "2023.09.30"]
[SourceVersion "1"]
[SourceVersionDate "2023.09.30"]
[SourceQuality "1"]
[WhiteTeam "Greece"]
[BlackTeam "Trinidad and Tobago"]
[WhiteTeamCountry "GRE"]
[BlackTeamCountry "TRI"]

1. e4 e5 2. Nf3 Nc6 3. Bc4 Bc5 4. d3 Nf6 5. 0-0 d6 6. c3 0-0 7. Nbd2 Be6 8. Bxe6 fxe6 9. b4 Bb6 10. a4 a5 11. b5 Ne7 12. Nc4 Ng6 13. h3 c5 14. Re1 Bc7 15. Ra2 b6 16. Rd2 Qb8 17. Ng5 Re8 18. d4 exd4 19. cxd4 cxd4 20. Rxd4 d5 21. exd5 exd5 22. Ne3 Be5 23. Rxd5 h6 24. Qb3 Nxd5 25. Qxd5+ Kh8 26. Nf7+ Kh7 27. Rd1 Bf6 28. Ng4 Be7 29. Bb2 Bc5 30. Ngxh6 gxh6 31. Ng5+ hxg5 32. Qf7+ Kh6 33. Qg7+ Kh5 34. Qh7# 1-0

[Event "Pan American-ch Hybrid U12 31st"]
[Site "Tornelo INT"]
[Date "2021.09.04"]
[Round "7"]
[White "Diaz Bermudez, Pedro Teofilo"]
[Black "Samuel Bisnath, Kael"]
[Result "0-1"]
[WhiteElo "1148"]
[BlackElo "1406"]
[PlyCount "64"]
[EventDate "2021.09.04"]
[EventType "swiss"]
[EventRounds "9"]
[EventCountry "NET"]
[SourceTitle "EXT 2023"]
[Source "ChessBase"]
[SourceDate "2022.10.05"]
[SourceVersion "1"]
[SourceVersionDate "2022.10.05"]
[SourceQuality "1"]

1. d4 d5 2. c4 c6 3. cxd5 cxd5 4. Nf3 Bf5 5. Nc3 Nf6 6. Bg5 e6 7. Qb3 Qe7 8. Bxf6 gxf6 9. e3 Bg7 10. Bb5+ Nc6 11. Qa4 Qc7 12. Rc1 a6 13. Bxc6+ bxc6 14. Ne2 0-0 15. Rxc6 Qb7 16. b3 Bd3 17. Rc3 Bb5 18. Qa3 Rfc8 19. Qb2 Bf8 20. a3 Bxe2 21. Kxe2 Rxc3 22. Qxc3 Bxa3 23. Ra1 Bb4 24. Qd3 a5 25. Ne1 Rc8 26. Nc2 Rc3 27. Qd1 Qb5+ 28. Kf3 Rxb3 29. Nxb4 Qxb4 30. Rc1 Rb2 31. Rc8+ Kg7 32. Kg3 Qd6+ 0-1

[Event "Central America Carribean-ch U20"]
[Site "Couva"]
[Date "2019.12.13"]
[Round "1"]
[White "Samuel Bisnath, Kael"]
[Black "Johnson, Joshua"]
[Result "0-1"]
[WhiteElo "1355"]
[BlackElo "2149"]
[PlyCount "94"]
[EventDate "2019.12.13"]
[EventType "swiss"]
[EventRounds "9"]
[EventCountry "TRI"]
[SourceTitle "CBM 193 Extra"]
[Source "ChessBase"]
[SourceDate "2020.01.31"]
[SourceVersion "1"]
[SourceVersionDate "2020.01.31"]
[SourceQuality "1"]

1. e4 e5 2. Nf3 Nc6 3. Bc4 Bc5 4. Nc3 d6 5. d3 Nf6 6. Be3 0-0 7. 0-0 h6 8. h3 Bb6 9. Qd2 Kh7 10. Bb3 Ba5 11. Qe2 Ne7 12. Nh4 g5 13. Qf3 Nfg8 14. Nf5 Nxf5 15. exf5 Qd7 16. f6 Bxc3 17. bxc3 Qf5 18. Qe4 Qxe4 19. dxe4 Nxf6 20. f3 a5 21. a4 b6 22. Rab1 Bd7 23. Rfe1 Rad8 24. g3 Bc6 25. Bd2 Nd7 26. f4 gxf4 27. gxf4 Nc5 28. Ra1 Nxe4 29. Red1 Rg8+ 30. Kf1 Rg3 31. Bxf7 Rf8 32. Be6 exf4 33. Ke2 f3+ 34. Kd3 f2+ 35. Ke2 Nxd2 36. Kxd2 Bg2 37. Bc4 f1Q 38. Bxf1 Rf2+ 39. Be2 Bf3 40. Re1 Rgg2 41. Ke3 Bxe2 42. Rg1 Rf3+ 43. Kd4 Rxg1 44. Rxg1 Rxh3 45. Kd5 Re3 46. Kd4 Re5 47. Rg2 c5# 0-1